Nghiên cứu hoạt động của xúc tác hợp kim Pd-Co đối với phản ứng khử ôxi trong pin nhiên liệu có màng điện phân trao đổi proton : Luận văn Thạc sĩ chuyên ngành: Vật lý lý thuyết và vật lý toán

Đề tài trình bày tổng quan các nghiên cứu hoạt động của xúc tác hợp kim Pd-Co đối với phản ứng khử oxy trong pin nhiên liệu có màng trao đổi có liên quan đến sự hình thành oxit bề mặt.

Tallennettuna:
Bibliografiset tiedot
Päätekijä: Ông, Kim Lẹ
Yhteisötekijä: .
Aineistotyyppi: Kirja
Kieli:Undetermined
Julkaistu: Cần Thơ Trường Đại học Cần Thơ 2014
Aiheet:
Tagit: Lisää tagi
Ei tageja, Lisää ensimmäinen tagi!
Thư viện lưu trữ: Trung tâm Học liệu Trường Đại học Cần Thơ
LEADER 01198nam a2200229Ia 4500
001 CTU_193350
008 210402s9999 xx 000 0 und d
082 |a 621.312429 
082 |b L200 
088 |a 604401 
100 |a Ông, Kim Lẹ 
110 |a . 
245 0 |a Nghiên cứu hoạt động của xúc tác hợp kim Pd-Co đối với phản ứng khử ôxi trong pin nhiên liệu có màng điện phân trao đổi proton : 
245 0 |b Luận văn Thạc sĩ chuyên ngành: Vật lý lý thuyết và vật lý toán 
245 0 |c Ông Kim Lẹ ; Đỗ Ngọc Sơn (Cán bộ hướng dẫn) 
260 |a Cần Thơ 
260 |b Trường Đại học Cần Thơ 
260 |c 2014 
520 |a Đề tài trình bày tổng quan các nghiên cứu hoạt động của xúc tác hợp kim Pd-Co đối với phản ứng khử oxy trong pin nhiên liệu có màng trao đổi có liên quan đến sự hình thành oxit bề mặt. 
650 |a Fuel cells,Pin nhiên liệu 
904 |i Hải 
980 |a Trung tâm Học liệu Trường Đại học Cần Thơ